Atlas de la provincia de Neuquén

Guardado en:
Formato: Mapa
Idioma:Undetermined
Publicado: Neuquén : Gobierno de la Provincia de Neuquén : Universidad Nacional del Comahue, 1982.
Materias:
Etiquetas: Agregar Etiqueta
Sin Etiquetas, Sea el primero en etiquetar este registro!
LEADER 00674nem a22001455a 4500
001 EEA.libagro010168
005 20190612114154.0
008 141014s1982####xx########a#####1###und#d
082 0 4 |a 912.8272 
245 1 0 |a Atlas de la provincia de Neuquén  |h [material cartográfico] /  |c elaborado por el Departamento de Geografía de la Facultad de Humanidades de la Universidad Nacional del Comahue. 
255 |a Escalas difieren 
260 |a Neuquén :  |b Gobierno de la Provincia de Neuquén :  |b Universidad Nacional del Comahue,  |c 1982. 
300 |a 1 atlas (185 p.) :  |b mapas [algunos col.] ;  |c 62x48 cm. 
651 7 |a Neuquén (Argentina) 
859 |a AR-BbBCA  |b BIB. AGRONOMIA  |h F912.8272  |i N494  |p 1984/0001